| 000 | 00357nam a2200109Ia 4500 | ||
|---|---|---|---|
| 008 | 171204s9999 xx 000 0 und d | ||
| 245 | _aQuality-I Is Safety-ll: The Integration of Two Management Systems: | ||
| 245 | _cSasho Andonov | ||
| 260 | _c2016 | ||
| 650 | _xQuality Process & Assurance in IT | ||
| 856 | _uhttp://down.ebook777.com/052/9781498786072.pdf | ||
| 999 |
_c345966 _d345966 |
||